01118nam a2200193 a 4500090001600000041000800016100004200024245008200066260005300148300000900201520054000210650002600750650002500776650002000801650003200821650001700853662003900870999001500909 aIAVHb00633 aspa aForero Morantes, Diana María992507 aPriorización de Areas para la Conservación en el Altiplano cundiboyacense aBogotábInstituto Alexander von Humboldtc2005 a3 p. aSe presenta un informe de supervision/interventoría al contrato que tenía por objeto la revisión y recopilación de información de literatura sobre especies de aves y plantas (Asteraceae, Melastomataceae y Rubiaceae) del Altiplano cundiboyacense, con sus respectivas localidades; la revisión de información sobre áreas de manejo especial en el área de estudio y apoyar la georeferenciación de la información y la elaboración de informes. Como resultado de se encontraron 15 nuevas reservas de la sociedad civil. aConservación992401 aBiodiversidad992204 aAvifauna992441 aEspecies botánicas992508 aFlora992293 aColombiacAltiplano cundiboyacense c6138d6138